000 00455 a2200169 4500
003 OSt
005 20250331162522.0
008 250319b |||||||| |||| 00| 0 eng d
020 _a9789356963245
100 _aPadmaja, A
_9179765
245 _aChild Health Nursing: Nursing Process Approach
250 _a2nd
260 _bJaypee Brothers Medical Publishers
_c2024
_aNew Delhi
300 _a395P.
650 _aChild Health Nursing
942 _2ddc
_cBK
999 _c365614
_d365614